000 00937cam a2200289 4500
008 000000n2000 000 0 eng u
020 _a1842190415
022 _a1354-506X
035 _a(Sirsi) u109961
050 _a690.22
_c18
100 _aWatt, David S.
245 _aAssessing the impact of chemical treatments on the health of buildings and their occupants.
260 _aLondon
_bRICS Research Foundation
_c2000
300 _a48p.
_c30cm.
490 _aRICS Foundation Research Papers
_v3(13)
650 _aHEALTH AND SAFETY
_96244
650 _aCHEMICAL TREATMENTS
650 _aBUILT ENVIRONMENT-BUILDING MATERIALS
650 _aEnvironment
_96238
650 _aHAZARDOUS SUBSTANCES
650 _aHAZARDOUS MATERIALS
690 _aBUILT ENVIRONMENT
700 _aColton, Belinda
700 _aSpalding, Duncan
710 _aRoyal Institution of Chartered Surveyors
_bResearch Foundation
_93861
942 _n0
999 _c101028
_d101028